000 00297nam a22001337a 4500
008 171010b xxu||||| |||| 00| 0 eng d
020 _a2901563673664
041 _aeng
080 _22ND
_a316
100 _a50
101 _aSOC
245 _aTHE MEANING OF DRESS
_cDAMHORST,M.L
942 _2udc
_cBK
999 _c32825
_d32825